| 000 | 00000nam##2200000za#4500 |
| 001 | 9.569287 |
| 003 | CaOODSP |
| 005 | 20210624181709 |
| 007 | cr ||||||||||| |
| 008 | 150406|2001||||xxc|||||o f|0| 0 eng|d |
| 040 | |aCaOODSP|beng |
| 043 | |an-cn--- |
| 086 | 1 |aBT31-4/83-2001E-PDF |
| 110 | 1 |aCanada. |bTreasury Board. |
| 245 | 10|aMillennium Bureau of Canada, performance report for the period ending March 31, 2001 |h[electronic resource] |
| 260 | |aOttawa - Ontario : |bTreasury Board of Canada Secretariat |cc2001. |
| 300 | |a45p.|bfigs., graphs, organization chart, tables, photographs |
| 490 | 1 |aPerformance report for the period ending March 31, 2001 |vFor the period ending March 31, 2001 |
| 500 | |aThe catalogue number (BT31-4/83-2001) and ISBN (0-660-61697-1) for the bilingual print edition have been incorrectly copied in this electronic publication. |
| 590 | |a12-26-Supp|b2012-06-07 |
| 775 | 08|tBureau du Canada pour le millénaire, rapport sur le rendement pour la période se terminant le 31 mars 2001 |w(CaOODSP)9.600514 |
| 776 | 0#|tMillennium Bureau of Canada |w(CaOODSP)9.535554 |
| 776 | 0#|tBureau du Canada pour le millénaire |w(CaOODSP)9.535555 |
| 830 | #0|aPerformance report for the period ending March 31, 2001 ;|vFor the period ending March 31, 2001|w(CaOODSP)9.506311 |
| 856 | 40|ahttp://publications.gc.ca|qPDF|s643 KB|uhttps://publications.gc.ca/collections/Collection/BT31-4-83-2001E.pdf|yFor the period ending March 31, 2001 |